000 00416nam a2200169Ia 4500
008 230524s9999 xx 000 0 und d
020 _a9788121920728
082 _bCHA
100 _aS.P. Chandola
_942839
245 2 _aA TextBook Of Transportation Engineering
250 _a1
260 _aNew Delhi
_bS.Chand
_c2015
300 _a"XII,525p;"
500 _aQuantity Number: 1
650 _aCivil
942 _cBK
999 _c57813
_d57813